Statistiques concernant Top 15 des pays avec les décès de Covid-19 - 14 mar 2021

Cliquez ici pour prendre le quiz!

Statistiques générales

  • Ce quiz a été pris 21 fois
  • Le résultat moyen est 16 sur 24

Statistiques - réponses

pays% Correct
Brésil
100%
Espagne
100%
Etats-Unis
100%
France
100%
Royaume-Uni
100%
Russie
100%
Mexique
94%
Allemagne
89%
Argentine
89%
Inde
89%
Italie
89%
Portugal
83%
Belgique
61%
Colombie
61%
Pérou
61%
Iran
39%
Afrique du Sud
33%
Bosnie-Herzégovine
33%
Tchèquie
33%
Bulgarie
28%
Hongrie
28%
Macédoine du Nord
22%
Slovaquie
22%
Slovénie
17%

Distribution des résultats

Percentile par nombre de réponses

% des personnes avec chaque résultat

Votre développement - résultats

Vous n’avez pas pris ce quiz